000 00723nam a2200217 i 4500
001 144209
003 ES-MaACL
005 20230906200951.0
007 t|
008 070214s1978 sp |||| | spa d
245 0 3 _aEl sindicalismo de clase en España
_b: (1939-1977) /
_cFernando Almendros Morcillo ... [et al.].
250 _a1ª ed.
260 _aBarcelona :
_bPenínsula,
_c1978 (
_fMárquez)
300 _a278 p. ;
_c20 cm.
490 1 _aTemas de historia y política contemporánea ;
_v4
650 0 4 _aSindicatos-
_zEspaña.
_917119
700 1 _aAlmendros, Fernando.
_920139
830 0 _aTemas de historia y política contemporánea ;
_v4
_9184463
852 _aES-MaACL
_jA-7813
999 _c144209
_d144209